| 000 | 00685pab a2200217 454500 | ||
|---|---|---|---|
| 008 | 180718b2002 xxu||||| |||| 00| 0 eng d | ||
| 100 | _aChandola, T. | ||
| 245 | _aDistinctive features of age-specific fertility profiles in the English-speaking world: common patterns in Australia, Canada, New Zealand and the United States, 1970-98 | ||
| 260 | _c2002 | ||
| 300 | _ap.181-200. | ||
| 362 | _aJul | ||
| 650 | _aFertility - United States | ||
| 650 | _aFertility - New Zealand | ||
| 650 | _aFertility - Canada | ||
| 650 | _aFertility - Australia | ||
| 650 | _aFertility | ||
| 700 | _aHiorns, R.W. | ||
| 700 | _aColeman, D.A. | ||
| 773 | _aPopulation Studies | ||
| 909 | _a59643 | ||
| 999 |
_c59643 _d59643 |
||